Проблемы калориметрии и химической термодинамики: доклады на X Всесоюзной конференции, Черноголовка, 12-14 июня 1984 г.; в 2 т.; Т. 1, ч. 2 : ОРП

Бібліографічні деталі
Співавтори: Московский государственный университет им. М. В. Ломоносова (МГУ) Химический факультет (570), Академия наук СССР (АН СССР) Институт химической физики им. Н. Н. Семенова (ИХФ), Академия наук СССР (АН СССР) Институт высоких температур (ИВТ), Академия наук СССР (АН СССР) Институт общей и неорганической химии им. Н. С. Курнакова (ИОНХ), Проблемы калориметрии и химической термодинамики
Інші автори: Эмануэль Н. М. Николай Маркович (редактор)
Мова:Російська
Опубліковано: Черноголовка, [Б. и.], 1984
Предмети:
Формат: Книга
KOHA link:https://koha.lib.tpu.ru/cgi-bin/koha/opac-detail.pl?biblionumber=281909

MARC

LEADER 00000nam0a2200000 4500
001 281909
005 20231101235440.0
020 |a RU  |b 84-43861 
035 |a (RuTPU)RU\TPU\book\305770 
090 |a 281909 
100 |a 20150127d1984 k y0rusy5003 ca 
101 0 |a rus 
102 |a RU 
105 |a a z 100zy 
200 1 |a Проблемы калориметрии и химической термодинамики  |e доклады на X Всесоюзной конференции, Черноголовка, 12-14 июня 1984 г.  |e в 2 т.  |h Т. 1, ч. 2 : ОРП  |f Московский государственный университет им. М. В. Ломоносова (МГУ), Химический факультет ; Академия наук СССР (АН СССР), Институт химической физики им. Н. Н. Семенова (ИХФ) ; Академия наук СССР (АН СССР), Институт высоких температур (ИВТ) ; Академия наук СССР (АН СССР), Институт общей и неорганической химии им. Н. С. Курнакова (ИОНХ) ; отв. ред. Н. М. Эмануэль 
210 |a Черноголовка  |c [Б. и.]  |d 1984 
215 |a 187-381 с.  |c ил. 
606 1 |a Калориметрия  |x (химия)  |2 stltpush  |3 (RuTPU)RU\TPU\subj\13545  |9 40135 
606 1 |a Термодинамика химическая  |2 stltpush  |3 (RuTPU)RU\TPU\subj\70428  |9 84689 
610 1 |a термохимия 
610 1 |a органические соединения 
610 1 |a термодинамика 
610 1 |a растворы 
610 1 |a поверхностные явления 
610 1 |a конференции 
675 |a 543.57(063)  |z rus  |v 3 
675 |a 544.3(063)  |z rus  |v 3 
702 1 |a Эмануэль  |b Н. М.  |g Николай Маркович  |4 340 
712 0 2 |a Московский государственный университет им. М. В. Ломоносова (МГУ)  |b Химический факультет  |2 stltpush  |3 (RuTPU)RU\TPU\col\7 
712 0 2 |a Академия наук СССР (АН СССР)  |b Институт химической физики им. Н. Н. Семенова (ИХФ)  |c (Москва)  |2 stltpush  |3 (RuTPU)RU\TPU\col\1482 
712 0 2 |a Академия наук СССР (АН СССР)  |b Институт высоких температур (ИВТ)  |c (Москва)  |2 stltpush  |3 (RuTPU)RU\TPU\col\12055 
712 0 2 |a Академия наук СССР (АН СССР)  |b Институт общей и неорганической химии им. Н. С. Курнакова (ИОНХ)  |c (Москва)  |2 stltpush  |3 (RuTPU)RU\TPU\col\11794 
712 1 2 |a Проблемы калориметрии и химической термодинамики  |c конференция  |d 10  |e Черноголовка  |f 1984  |4 570 
801 0 |a RU  |b RuMRKP  |c 19950704  |g psbo 
801 1 |a RU  |b 63413507  |c 20150127 
801 2 |a RU  |b 63413507  |c 20170510  |g RCR 
942 |c BK